000 00237nam a2200097Ia 4500
005 20250424112903.0
008 250424s9999 xx 000 0 und d
300 _a457 p. : ill. ; 28 cm.
650 _aMicrobiology--Periodicals
942 _cSR
999 _c37703
_d37703